LEADER 01901cam0-22006371i-450- 001 990002552380403321 005 20090702121918.0 035 $a000255238 035 $aFED01000255238 035 $a(Aleph)000255238FED01 035 $a000255238 100 $a20030910d1959----km-y0itay50------ba 101 0 $aeng 102 $aGB$aUS 105 $aa-------001yy 200 1 $aMathematical methods and theory in games, programming and economics$fby Samuel Karlin 210 $aLondon$cPergamon$aReading, Mass.$cAddison-Wesley$d1959 215 $a2 v. (X, 433; XI, 386 p.)$cill.$d24 cm 225 1 $aAddison-Wesley series in statistics 327 1 $a1.: Matrix games, programming, and mathematical economics$a2.: The theory of infinite games 610 0 $aTeoria dei giochi 610 0 $aProgrammazione 610 0 $aMetodi matematici 610 0 $aEconomia$aMatematica 610 0 $aTeoria dei giochi 610 0 $aEconomia$aMetodi matematici 676 $a511.4 676 $a519.7 676 $a519.3 676 $a519 700 1$aKarlin,$bSamuel$f<1924-2007>$03477 801 0$aIT$bUNINA$gRICA$2UNIMARC 901 $aBK 912 $a990002552380403321 952 $aB/3.0 KAR/2$b022965 bis$fSES 952 $a13 K 62 02$b23862$fFINBC 952 $a13 F 23 15$b23862$fFINBC 952 $aXV I 116$b61269$fFGBC 952 $aMXIX-D-17$b017129$fMAS 952 $aMXIX-D-18$b017128$fMAS 952 $aMXIX-D-1$b036095$fMAS 952 $aMXIX-D-8$b036095a$fMAS 952 $aB/3.0 KAR/1$b022965$fSES 952 $a9-I-32$b3327$fMA1 952 $a9-B-25$b3326$fMA1 959 $aFINBC 959 $aFGBC 959 $aMAS 959 $aMA1 959 $aSES 962 $a90-XX 962 $a90AXX 962 $a90DXX 962 $a90CXX 996 $aMathematical methods and theory in games, programming and economics$9437280 997 $aUNINA LEADER 01568nam 2200445 450 001 000004210 005 20180801123900.0 100 $a--------d1974----km-y0itay0103----ba 101 0 $aeng 102 $aUS 200 1 $aFilms and Other Materials for Projection$e1973 200 1 $a1 $n0000125 210 $aWashington$cLibrary of Congress$d1974 215 $aXXVI, 967 p.$d28 cm. 225 1 $aLibrary of Congress Catalogs 311 $aContinuazione di: Library of Congress Catalog-Motion Pictures and filmstrips 431 $aLibrary of Congress Catalog-Motion Pictures and Filmstrips 676 $a016.79 710 02$aLibrary of Congress$0246487 801 0$aIT$bUniversità della Basilicata - B.I.A.$gRICA$2unimarc 912 $a000004210 996 $aFilms and Other Materials for Projection$973704 997 $aUNIBAS BAS $aMONLET BAS $aMONOGR BAS $aLETTERE CAT $aGIORDANO$b10$c20000327$lBAS01$h1150 CAT $aGIORDANO$b10$c20000328$lBAS01$h1148 CAT $c20000920$lBAS01$h1832 CAT $c20001010$lBAS01$h1635 CAT $c20050601$lBAS01$h1753 CAT $abatch$b01$c20050718$lBAS01$h1048 CAT $c20050718$lBAS01$h1107 CAT $c20050718$lBAS01$h1137 CAT $c20050718$lBAS01$h1151 CAT $aBATCH$b00$c20070503$lBAS01$h1730 CAT $aBATCH$b00$c20180801$lBAS01$h1239 FMT Z30 -1$lBAS01$LBAS01$mBOOK$1BASA1$APolo Storico-Umanistico$2GEN$BCollezione generale$3SL/83209$9SL/83209$683209$5L83209$820000328$f98$FConsultazione all $aall $n0008314